LEADER 01980nam 2200385 n 450 001 996392531203316 005 20200824121747.0 035 $a(CKB)4940000000107902 035 $a(EEBO)2240947508 035 $a(UnM)99862449e 035 $a(UnM)99862449 035 $a(EXLCZ)994940000000107902 100 $a19921106d1659 uy | 101 0 $aeng 135 $aurbn||||a|bb| 200 14$aThe interest of England stated: or A faithful and just account of the aims of all parties now pretending$b[electronic resource] $eDistinctly treating of the designements of [brace] the Roman Catholick. The royalist. The Presbyterian. The Anabaptist. The Army. The late Protector. The Parliament. With their effects in respect of themselves, of one another, and of the publick. Cleerly evidencing the unavoydable ruine upon all from longer contest: and offering an expedient for the composure of the respective differences; to the security and advantage, not onely of every single interest, but to the bringing solid, lasting peace unto the nation 210 $a[London $cs.n.]$dPrinted in the year, 1659 215 $a16 p 300 $aAttributed to John Fell. 300 $aThe words "The Roman .. Parliament." are bracketed together on title page. 300 $aAnnotation on Thomason copy: "July 22th [sic]". 300 $aPlace of publication from Wing. 300 $aReproduction of the original in the British Library. 330 $aeebo-0018 607 $aGreat Britain$xHistory$yCommonwealth and Protectorate, 1649-1660$vEarly works to 1800 607 $aGreat Britain$xPolitics and government$y1649-1660$vEarly works to 1800 700 $aFell$b John$f1625-1686.$01001113 801 0$bCu-RivES 801 1$bCu-RivES 801 2$bCStRLIN 801 2$bWaOLN 906 $aBOOK 912 $a996392531203316 996 $aThe interest of England stated: or A faithful and just account of the aims of all parties now pretending$92358744 997 $aUNISA